MARC

LEADER 00000nam0a2200000 4500
001 187895
005 20231101224110.0
010 |b 10230 экз. 
035 |a (RuTPU)RU\TPU\book\203887 
035 |a RU\TPU\book\203862 
090 |a 187895 
100 |a 20101124d1931 m y0rusy50 ca 
101 0 |a rus 
102 |a RU 
105 |a a j 000zy 
200 1 |a Курс паровозов  |h Ч. 1  |i Общая теория тяги поездов  |f Н. И. Карташев (Карташов) 
205 |a 2-е изд., доп. 
210 |a Москва  |c ОГИЗ  |d 1931 
215 |a 178 с.  |c схемы 
225 1 |a Руководства для транспортных втузов 
225 1 |a Пособия и руководства для транспортных втузов и техникумов 
316 |5 63413507: М-132790  |a С автографом автора. На титульном листе дарственная надпись: " Многоуважаемому Иннокентию Николаевичу Бутакову. 1932 г. Автор" 
317 |5 63413507: М-132790  |a Поступила в составе книжной коллекции профессора ТПИ И.Н. Бутакова 
606 1 |a Паровозы  |x Расчет и конструкция  |x Эксплуатация  |2 stltpush  |3 (RuTPU)RU\TPU\subj\48169  |9 67046 
610 1 |a транспорт 
610 1 |a труды учёных ТПУ 
610 1 |a транспортное машиностроение 
610 1 |a учебные пособия 
610 1 |a железнодорожные поезда 
610 1 |a дарственная надпись 
610 1 |a дары автора 
610 1 |a библиотека И. Н. Бутакова 
675 |a 629.422  |v 3 
700 1 |a Карташев (Карташов)  |b Н. И.  |c специалист в области паровозостроения  |c директор Томского технологического института (1911-1916), профессор  |f 1867-1943  |g Николай Иванович  |2 stltpush  |3 (RuTPU)RU\TPU\pers\20245 
801 0 |a RU  |b 63413507  |c 20011210  |g PSBO 
801 2 |a RU  |b 63413507  |c 20190806  |g PSBO 
942 |c BK